000
00304nam a22001457a 4500
003
SGT
020
_a
978-8171336319
082
_b
KOT
100
_a
KOTPAL, RL
245
_a
THE BIRDS
260
_a
NEW DELHI
_b
RASTOGI PUBLICATION
_c
1999
300
_a
327
650
_a
AGRICULTURE
942
_2
ddc
_c
BK
_0
1
999
_c
13784
_d
13784